000 00470nam a2200181Ia 4500
001 17139
005 20260306170403.0
008 260306t2023||||xx |||||||||||||| ||und||
041 _aESP
082 _a657.46
_bS23
100 _aSánchez Arias, José Luis,
_eAUT
245 0 _aRegistros y emisión electrónicos :
_bprincipales novedades 2023
260 _c2023
300 _a255 páginas :
_c24 cm.
650 _aGEN
654 _aCCO
942 _cLIB
_dJUS
_fJUS
_2ddc
_n
999 _c17139
_d17139